Pravidlá a postupy pri zabezpečovaní dodávok energií

Elektrickú energiu a zemný plyn možno bezpochyby označiť za kľúčové až kritické komodity, ktoré sú nevyhnutné pre zabezpečenie činnosti v podstate akéhokoľvek verejného obstarávateľa alebo obstarávateľa. Úrad pre verejné obstarávanie (ďalej len „úrad“) eviduje aktuálnu situáciu na trhu s týmito zákl...

Descrizione completa

Salvato in:
Dettagli Bibliografici
Autore principale: Scheberová, Magdaléna
Natura: Capitolo di libro
Lingua:slovacco
Soggetti:
Tags: Aggiungi Tag
Nessun Tag, puoi essere il primo ad aggiungerne!!

MARC

LEADER 00000naa a2200000 4500
001 0295459
005 20240417075242.0
041 0 |a slo 
044 |a SK 
245 1 0 |a Pravidlá a postupy pri zabezpečovaní dodávok energií  |c Magdaléna Scheberová 
520 |a Elektrickú energiu a zemný plyn možno bezpochyby označiť za kľúčové až kritické komodity, ktoré sú nevyhnutné pre zabezpečenie činnosti v podstate akéhokoľvek verejného obstarávateľa alebo obstarávateľa. Úrad pre verejné obstarávanie (ďalej len „úrad“) eviduje aktuálnu situáciu na trhu s týmito základnými komoditami, ako aj problémy, s ktorými sa za posledné obdobie verejní obstarávatelia stretávajú. V tejto súvislosti vydal úrad všeobecné metodické usmernenie 3/2021 a tiež bolo vydaných niekoľko „adresných“ metodických usmernení, v ktorých bola poskytnutá odpoveď na parciálne otázky. 
610 2 0 |a obstarávanie verejné 
610 2 0 |a energia elektrická 
610 2 0 |a plyn zemný 
610 2 0 |a dodávky 
610 2 0 |a metodika 
100 1 |a Scheberová, Magdaléna